=LDR 00000nam 2200000 4500 =001 INLIS000000000054022 =005 20190517085712 =035 ##$$a 0010-0519000084 =007 ta =008 190517###########################0###### =020 ##$$a 978-979-033-455-7 =082 ##$$a 579.1 =084 ##$$a 579.1 SYL m =100 #$$a Sylfia T Pratiwi =245 1#$$a Mikrobiologi farmasi /$c Sylfia T. Pratiwi =260 ##$$a Jakarta :$b Erlangga,$c 2008 =300 ##$$a 237 hlm : $b ilus. ; $c 25 Cm. =650 ##$$a Mikrobiologi =700 #$$a Rina Astikawati =504 ##$$a Bibliografi hlm 221-222, Indeks hlm 223-237 =990 ##$$a 09740974 =990 ##$$a 51900063